Представление документа в формате RUSMARC

Поле Инд. ПП Название Значение
Тип записи a
Библиографический уровень a
001 Контрольный номер 5daa4df3950c49f7bcd8ac5f253a5386
005 Дата корректировки 20181120134552.4
100 a Данные общей обработки 20180904 ||| 0rusy0189 ca
101 0_ a Язык текста rus
102 a Страна публикации RU
200 1_ f Первые сведения об ответственности В.Н. Шелестюков, Г.Н. Павлов
a Заглавие Кредитный дефолтный своп как способ страхования от дефолта: теория, практика и правовое регулирование
210 d Дата издания 2018
461 _0 1 2000
a Финансовое право
463 _0 1 2000
a №2
v С. 38-41
1 2101
d 2018
1 001662ad391b15f4a32892a2b4af8f96c79
606 a Основная рубрика Финансовое право
610 0_ a Ключевые слова ФИНАНСОВЫЙ РЫНОК
a Ключевые слова СТРАХОВАНИЕ
a Ключевые слова ПРАВОВОЕ РЕГУЛИРОВАНИЕ
700 _1 a Фамилия Шелестюков
b Имя В.Н.
701 _1 a Фамилия Павлов
b Имя Г.Н.
801 _0 a Страна RU
b Организация РГУП
c Дата составления 20180904
g Правила каталогизации PSBO
801 _1 a Страна RU
b Организация РГУП
c Дата составления 20180904
g Правила каталогизации PSBO
901 t Тип документа b
w Контрольный № источника 662ad391b15f4a32892a2b4af8f96c79
905 a Дата ввода 20180904